006760000a22001810004500020001500000060000800015082001700023100003000040100001800070245003400088260002400122260000900146300000800155650017900163942000700342999001900349952012600368 a0849385024 a100 a616.0082 WOL aKlimis, Tavantzis Dorothy aWolinsky, Ira aNutritional Concerns of women aNew York, CRC Press c1996 a335 aNutritional Resarch, womens Health, Eating Behavoiour, Osteoporosis, Diet Nutritional Anemias, Obesity, Eating Disorders, Premensutural syndrome, Oral contraception, cancers, cBK c366422d366422 001040708NFICaKAUCOAVbKAUCOAVcGENd2014-05-02l0o616.0082 WOLpKAU_COAV-27087r2014-05-02 00:00:00w2022-05-12yBK